00518nam a2200205Ia 4500003000400000005001700004008004100021020002200062040000700084041001200091082001700103100001500120245005000135260003500185300001700220365001300237650003100250650001600281700001500297OSt20251024184910.0210423s2011 xx 000 0 und d a978-93-80836-02-7 cAL aEnglish a361.3 bGAUS aGautam P R aSocial workb: administration and development aNew DelhibCentrum Pressc2011 aviii,304bHB b900cINR aSocial Problems & Services aSocial Work aSingh, R S